000 00541nam a2200145 i 4500
001 58042
003 ES-MaACL
007 t|
008 031020s1910 it ||||1| lat d
100 1 _aJuan Duns Escoto
_cBeato.
_967117
245 1 0 _aB. Ioannis Duns Scoti...quaestiones disputatae
_b: de rerum principio Tractatus De primo rerum omnium principio Novis curis /
_cedidit Marianus Fernández García.
260 _aQuaracchi :
_b[s.n.,
_c1910] (
_fTyp. Collegiis Bonaventurae)
300 _aXCVI, 723 p. ;
_c24 cm.
852 _aES-MaACL
_jG-5355
999 _c58042
_d58042